000
00381nam a2200145Ia 4500
008
230917s9999||||xx |||||||||||||| ||und||
040
_e
169759
_a
MAIN
041
_a
English
082
_a
891.432741 MM261J
100
_a
मदन मोहन
245
0
_a
जानवर
260
_a
दिल्ली
_b
सीमान्त
_c
1982
300
_a
96 पृ. p.
942
_c
HN
999
_c
227137
_d
227137